| 000 | 00524nam a2200181Ia 4500 | ||
|---|---|---|---|
| 008 | 170510s9999 xx 000 0 und d | ||
| 100 | _aMia Lövheim | ||
| 245 | _aConsidering critical methods and theoretical lenses in digital religion studies | ||
| 245 | _cMia Lövheim, Heidi A Campbell | ||
| 260 | _bSAGE | ||
| 260 | _c2017 | ||
| 300 | _apages 5-14, January | ||
| 440 |
_aNew Media & Society _v19:1 |
||
| 650 | _aDigital religion | ||
| 650 | _aInternet | ||
| 650 | _aMedia technologies | ||
| 650 | _aMethodology | ||
| 999 |
_c329839 _d329839 |
||